HAMILTON - Dear Theodosia Lyrics - Statistics

General Stats
  • This quiz has been taken 2,280 times
  • The average score is 35 of 38
Answer Stats
Answer % Correct
Dear {Theodosia}, what to say to you?
100%
You have my {eyes}
99%
When you came into the world, you {cried} and it broke my heart
98%
And you’ll {blow} us all away
96%
Yeah, you’ll {blow} us all away
96%
You have your mother’s {name}
96%
And I thought I was so {smart}
95%
{Look} at my son
95%
My {father} wasn’t around (my father wasn’t around)
95%
My {son}
95%
My {son}
95%
Someday, {someday}
95%
Someday, {someday}
95%
If we lay a strong enough {foundation}
94%
I’ll do {whatever} it takes
94%
We’ll pass it on to you, we’ll give the {world} to you
94%
When you {smile}, I fall apart
94%
And I thought I was so {smart}
93%
And you’ll {blow} us all away
93%
I swear that I’ll be {around} for you
93%
Someday, {someday}
93%
Yeah, you’ll {blow} us all away
93%
If we lay a strong enough {foundation}
92%
I’m {dedicating} every day to you
92%
Oh Philip, you outshine the {morning sun}
92%
Someday, {someday}
92%
We’ll pass it on to you, we’ll give the {world} to you
92%
{Domestic} life was never quite my style
91%
Oh Philip, when you smile I am {undone}
91%
{Pride} is not the word I’m looking for
91%
There is so much {more} inside me now
91%
I’ll make a {million mistakes}
90%
When you smile, you {knock} me out, I fall apart
89%
You will {come of age} with our young nation
89%
I’ll make the world {safe and sound} for you
85%
Will {come of age} with our young nation
85%
We’ll {bleed and fight} for you, we’ll make it right for you
84%
We’ll {bleed and fight} for you, we’ll make it right for you
82%
No matching quizzes found
Score Distribution
Percent of People with Each Score
Percentile by Number Answered
Your Score History
You have not taken this quiz